|
|
|
|
| LEADER |
00000nab#a22000007a#4500 |
| 001 |
arbauad020904 |
| 003 |
AR-BaUAD |
| 005 |
20250711111819.0 |
| 008 |
960812|||||||||###||||||b###|0###a|spa|| |
| 040 |
|
|
|a AR-BaUAD
|c AR-BaUAD
|b spa
|
| 245 |
1 |
0 |
|a Tres emplazamientos, tres jardines Planta Industrial Lever y Edificio para las oficinas de la Comisión Técnica Mixta de la Represa Salto Grande
|
| 300 |
0 |
|
|b fot., plantas
|
| 653 |
|
|
|a JARDINES
|
| 653 |
|
|
|a PLANTA INDUSTRIAL LEVER
|
| 653 |
|
|
|a ARQUITECTURA INDUSTRIAL
|
| 653 |
|
|
|a EDIFICIOS DE OFICINAS
|
| 653 |
|
|
|a PILAR
|
| 653 |
|
|
|a BUENOS AIRES, PROVINCIA
|
| 653 |
|
|
|a SALTO GRANDE
|
| 653 |
|
|
|a ENTRE RIOS
|
| 653 |
|
|
|a SALVATORI, ADRIANA
|
| 653 |
|
|
|a PAISAJISMO
|
| 653 |
|
|
|a ESPACIOS VERDES
|
| 773 |
0 |
|
|t Summa Temática
|g no. 3 [1983], p. 84-85
|
| 942 |
|
|
|c ARTI
|
| 952 |
|
|
|0 0
|1 0
|4 0
|7 0
|9 65823
|a AR-BAuAD
|b AR-BAuAD
|d 2025-07-11
|l 0
|p AAQA020904
|r 2025-07-11 11:18:19
|w 2025-07-11
|y ARTI
|
| 990 |
|
|
|a AQ198
|b TD
|
| 998 |
|
|
|a AAQ
|b BIBUN76
|
| 999 |
|
|
|c 45496
|d 45496
|